000 00542nam a22001697a 4500
005 20231120105159.0
008 231120b |||||||| |||| 00| 0 eng d
020 _a070211037
041 _aEnglish
082 _a343.4 SIL
100 _aDivaris, C and Stein, ML
_lEnglish
245 _a1979-80 Silke on South African Income Tax /
_cC Divaris and ML Stein
260 _aCape Town :
_bJuta and Company Ltd,
_c1979
300 _bxiii, 528 pages ;
_c25,5 cm.
650 _aLegal practice
_bLaw
942 _cBK
_6ALISON_BN_VRIES
999 _c797
_d797